| 000 | 00982nam a2200241Ia 4500 | ||
|---|---|---|---|
| 999 |
_c40260 _d40260 |
||
| 001 | 6868 | ||
| 003 | GE_BSU | ||
| 005 | 20200130101126.0 | ||
| 008 | 181216s1976||||ge |||||||||||||| ||geo|| | ||
| 040 | _cGE_BSU | ||
| 041 | _ageo | ||
| 080 | _a821.353.1-17 გ-66 | ||
| 100 |
_aგომიაშვილი, ალექსანდრე. _96494 |
||
| 245 |
_aფიცი : _bლექსები, წერილები, სატირა. _cალექსანდრე გომიაშვილი ; რედ. თ. დაუშვილი. |
||
| 264 |
_aთბილისი : _bსაბჭ.საქართველო, _c1976. |
||
| 300 |
_a172 გვ. : _bილ. ფოტო-პორტრეტი ; _c16 სმ. |
||
| 653 | _aფიცი | ||
| 653 | _aლექსები | ||
| 653 | _aწერილები | ||
| 653 | _aსატირა | ||
| 700 |
_aდაუშვილი, თ. _eრედაქტორი _95376 |
||
| 942 |
_cBK _2udc |
||